Vēṅkaiyin̲ maintan̲. (Record no. 61183)

MARC details
000 -LEADER
fixed length control field 00558cam a22002171 4500
001 - CONTROL NUMBER
control field sa 64009009
003 - CONTROL NUMBER IDENTIFIER
control field DLC
005 - DATE AND TIME OF LATEST TRANSACTION
control field 20260227112058.0
008 - FIXED-LENGTH DATA ELEMENTS--GENERAL INFORMATION
fixed length control field 920401s1961 ii 000 1 tamo
010 ## - LIBRARY OF CONGRESS CONTROL NUMBER
LC control number sa 64009009
035 ## - SYSTEM CONTROL NUMBER
System control number (OCoLC)25570988
040 ## - CATALOGING SOURCE
Original cataloging agency DLC
Transcribing agency WaU
Modifying agency DLC
042 ## - AUTHENTICATION CODE
Authentication code premarc
050 00 - LIBRARY OF CONGRESS CALL NUMBER
Classification number PL4758.9.A33
Item number V4
100 0# - MAIN ENTRY--PERSONAL NAME
Personal name Akilan̲,
Dates associated with a name 1922-1988.
245 10 - TITLE STATEMENT
Title Vēṅkaiyin̲ maintan̲.
260 ## - PUBLICATION, DISTRIBUTION, ETC.
Date of publication, distribution, etc. [1961]
300 ## - PHYSICAL DESCRIPTION
Extent 834 p.
Dimensions 19 cm.
500 ## - GENERAL NOTE
General note In Tamil.
600 00 - SUBJECT ADDED ENTRY--PERSONAL NAME
Personal name Kulottunga
Numeration I,
Titles and other words associated with a name Chola King,
Dates associated with a name active 1070-1118
Form subdivision Fiction.

No items available.

Powered by Koha